000 00431nam a2200145Ia 4500
005 20251222153537.0
008 251222s9999||||xx |||||||||||||| ||spa||
020 _a9786124118913
082 _a657.021.8/A93/2018
100 _aAyala Zabala, Pascual
245 0 _aComentarios y Aplicación Práctica de las Normas Internacionales de Información Financiera
250 _a1 era. ed.
264 _bPACIFICOS EDITORES
942 _cLIB
999 _c30307
_d30307